000 00823nam a2200229 a 4500
001 56468
003 BD-RjUL
005 20211209080411.0
008 161129s1972 ii ||||| |||| 00| 0 ben d
020 _c: Irs 3.00
035 _a(BD-RjUL) 56592
040 _aBD-RjUL
_bben
_cBD-RjUL
041 _aben
082 _223
_a891.443
_bMUC 1972
100 _aমুখোপাধ্যায়, অপূর্ব
_9167956
245 1 0 _aচড়াই উৎরাই /
_cঅপূর্ব মুখোপাধ্যায়
260 _aকলিকাতা :
_bমণি প্রকাশনী,
_c১৯৭২ [১৩৭৯]
300 _a৮০ পৃ. ;
_c২১ সেমি .
650 _aবাংলা উপন্যাস
_9167957
650 _aBengali Fictions
_9167958
942 _2ddc
_cBK
999 _c56468
_d56468